| 000 | 00579nam a2200241 a 4500 | ||
|---|---|---|---|
| 001 | nice12345678 | ||
| 003 | IN_TiNIC | ||
| 005 | 20260116013432.0 | ||
| 008 | 050524s1996 dela grp 000 0 eng | ||
| 020 |
_a _c150 |
||
| 082 | 0 | 0 |
_a421.5 _bSHA |
| 100 | _aSharpe, Pamela J | ||
| 245 |
_aTOEFL _b Test of English as a Foreign Language |
||
| 260 |
_aDelhi _bGalgotia Pub. _c1996 |
||
| 300 | _a644p | ||
| 500 | _aincludes index and biblioraphy | ||
| 505 | 2 | _aIndex | |
| 650 | _aToefl | ||
| 700 | 1 | _aSharpe, Pamela J | |
| 902 | _bSRS | ||
| 942 | _cBK | ||
| 999 |
_c10975 _d10975 |
||